| 000 | 00770nam a22002417a 4500 | ||
|---|---|---|---|
| 001 | 9174 | ||
| 003 | FISKH | ||
| 005 | 20251127093037.0 | ||
| 008 | 251127b cb ||||| |||| 00| 0 eng d | ||
| 040 |
_aFISKH _beng _cFISKH _dFISKH |
||
| 082 | _a599.78 | ||
| 100 | _aRichie, Deborah | ||
| 245 |
_aBears / _cby Deborah Richie |
||
| 260 |
_aNew York : _bScholastic, _c1996. |
||
| 300 |
_a30 unnumbered pages : _bcolor illustrations ; _c23 cm |
||
| 490 | _aA smart start reader | ||
| 505 | _aJ | ||
| 520 | _aA brief introduction to the physical characteristics, habits, and natural environment of various species of bears. | ||
| 521 | 8 |
_a500
_bLexile estimate |
|
| 521 | 8 |
_aJ
_bRaz-Plus |
|
| 650 |
_aAnimal _vNon-Fiction _xLife science |
||
| 942 |
_2ddc _cBK _n0 |
||
| 999 |
_c9174 _d9174 |
||